000 00295nam a2200121Ia 4500
008 220204s9999 xx 000 0 und d
082 _bJAI
100 _aJAIN, Madan Gopal
245 0 _aFactory and labour laws
260 _aDelhi
_bFinance & Budget
_c1958
650 _aLabour laws
942 _cBK
999 _c19729
_d19729